[Event "Groningen op-A 51st"]
[Site "Groningen"]
[Date "2013.12.24"]
[Round "4"]
[White "Lee, Kai Jie Edward"]
[Black "Bakels, Anton"]
[Result "1-0"]
[WhiteElo "2145"]
[BlackElo "2026"]
[PlyCount "75"]
[EventDate "2013.12.21"]
[EventType "swiss"]
[EventRounds "9"]
[EventCountry "NED"]
[SourceTitle "CBM 158 Extra"]
[Source "ChessBase"]
[SourceDate "2014.02.28"]
[SourceVersion "1"]
[SourceVersionDate "2014.02.28"]
[SourceQuality "1"]

1. e4 c5 2. Nf3 d6 3. d4 cxd4 4. Nxd4 Nf6 5. Nc3 g6 6. Be2 Bg7 7. 0-0 Nc6 8. Be3 0-0 9. Qd2 Bd7 10. f3 Rc8 11. Rac1 Re8 12. Rfd1 a6 13. Nd5 Nxd4 14. Bxd4 Nxd5 15. exd5 Bxd4+ 16. Qxd4 Qa5 17. Kh1 Qc5 18. Qd2 e6 19. dxe6 Rxe6 20. Bf1 Rce8 21. b4 Qh5 22. Qf4 Bb5 23. c4 Bc6 24. Rxd6 Re3 25. Rd8 Rxd8 26. Qxe3 Qf5 27. Kg1 Re8 28. Qf2 Qf4 29. Rd1 Re3 30. Qb2 Re5 31. Rd3 b5 32. g3 Qf5 33. Rd8+ Be8 34. c5 Re1 35. Qf2 Qe5 36. Qd2 Qa1 37. Qd3 Kg7 38. Rd6 1-0

[Event "London Classic op 5th"]
[Site "London"]
[Date "2013.12.15"]
[Round "9"]
[White "Lee, Kai Jie Edward"]
[Black "Gates, David"]
[Result "1-0"]
[WhiteElo "2145"]
[BlackElo "1727"]
[PlyCount "49"]
[EventDate "2013.12.07"]
[EventType "swiss"]
[EventRounds "9"]
[EventCountry "ENG"]
[SourceTitle "CBM 157 Extra"]
[Source "ChessBase"]
[SourceDate "2013.12.19"]
[SourceVersion "1"]
[SourceVersionDate "2013.12.19"]
[SourceQuality "1"]

1. e4 c6 2. d4 d5 3. Nc3 dxe4 4. Nxe4 Bf5 5. Ng3 Bg6 6. h4 h6 7. Nf3 Nd7 8. h5 Bh7 9. Bd3 Bxd3 10. Qxd3 e6 11. Bd2 Ngf6 12. 0-0-0 Bd6 13. Ne4 Nxe4 14. Qxe4 Nf6 15. Qe2 Qc7 16. g3 0-0 17. g4 Bf4 18. Ne5 Nd5 19. Bxf4 Nxf4 20. Qe4 Nd5 21. g5 Qe7 22. Rdg1 hxg5 23. h6 f5 24. h7+ Kh8 25. Ng6# 1-0

[Event "London Classic op 5th"]
[Site "London"]
[Date "2013.12.12"]
[Round "6"]
[White "Roe, Simon J"]
[Black "Lee, Kai Jie Edward"]
[Result "0-1"]
[WhiteElo "2263"]
[BlackElo "2145"]
[PlyCount "70"]
[EventDate "2013.12.07"]
[EventType "swiss"]
[EventRounds "9"]
[EventCountry "ENG"]
[SourceTitle "CBM 157 Extra"]
[Source "ChessBase"]
[SourceDate "2013.12.19"]
[SourceVersion "1"]
[SourceVersionDate "2013.12.19"]
[SourceQuality "1"]

1. Nf3 Nf6 2. c4 e6 3. g3 d5 4. Bg2 dxc4 5. Qa4+ c6 6. Qxc4 b5 7. Qc2 Bb7 8. a4 a6 9. 0-0 Nbd7 10. d3 Be7 11. Nc3 0-0 12. Bd2 Qb6 13. h3 c5 14. Ng5 Bxg2 15. Kxg2 Rac8 16. axb5 axb5 17. Qb3 Rb8 18. Be3 Qc6+ 19. Kg1 Nd5 20. Nxd5 exd5 21. Nf3 c4 22. Nd4 Qf6 23. dxc4 bxc4 24. Qc2 Bc5 25. Rfd1 Rb7 26. Ra5 Rfb8 27. Qa4 Bf8 28. Ra6 Nc5 29. Rxf6 Nxa4 30. Rf5 Rxb2 31. Nc6 Nc3 32. Re1 Rc8 33. Na7 Re8 34. Bd4 Nxe2+ 35. Kh2 Nxd4 0-1

[Event "Hoogeveen Unive op 17th"]
[Site "Hoogeveen"]
[Date "2013.10.22"]
[Round "5"]
[White "Pancevski, Filip"]
[Black "Lee, Kai Jie Edward"]
[Result "1-0"]
[WhiteElo "2493"]
[BlackElo "2164"]
[PlyCount "117"]
[EventDate "2013.10.18"]
[EventType "swiss"]
[EventRounds "9"]
[EventCountry "NED"]
[SourceTitle "EXT 2014"]
[Source "ChessBase"]
[SourceDate "2013.11.20"]
[SourceVersion "1"]
[SourceVersionDate "2013.11.20"]
[SourceQuality "1"]

1. e4 c5 2. Nf3 Nc6 3. Bb5 g6 4. Bxc6 bxc6 5. 0-0 Bg7 6. c3 Nf6 7. Re1 0-0 8. h3 Qc7 9. e5 Nd5 10. d3 d6 11. c4 Nb6 12. Bf4 d5 13. Qe2 Rd8 14. Nc3 Bf5 15. b3 h6 16. Bh2 Be6 17. Rac1 a5 18. cxd5 cxd5 19. Nb5 Qb7 20. Rxc5 Nd7 21. d4 Nxc5 22. dxc5 Rdc8 23. Rc1 Bd7 24. a4 Bxb5 25. axb5 Rab8 26. Nd4 e6 27. Rc3 Bf8 28. Qc2 Qa7 29. b6 Qe7 30. Bf4 Kh7 31. Be3 Rxc5 32. Nc6 Rxc3 33. Qxc3 Rc8 34. Nxe7 Rxc3 35. b4 Rb3 36. Bc5 Bxe7 37. Bxe7 d4 38. Kf1 d3 39. Ke1 a4 40. b7 a3 41. b8Q a2 42. Qa7 Rb1+ 43. Kd2 a1Q 44. Qxa1 Rxa1 45. Kxd3 g5 46. b5 Rb1 47. Kc4 Kg6 48. g4 Rc1+ 49. Kb4 Rc2 50. b6 Rb2+ 51. Ka5 f6 52. Bb4 Ra2+ 53. Kb5 Ra8 54. b7 Rb8 55. Kc6 fxe5 56. Kc7 Rxb7+ 57. Kxb7 h5 58. Be7 hxg4 59. hxg4 1-0

[Event "Gibraltar Masters 11th"]
[Site "Caleta"]
[Date "2013.01.29"]
[Round "8"]
[White "Nwachukwu, Chino"]
[Black "Lee, Kai Jie Edward"]
[Result "1/2-1/2"]
[WhiteElo "1962"]
[BlackElo "2164"]
[PlyCount "97"]
[EventDate "2013.01.22"]
[EventType "swiss"]
[EventRounds "10"]
[EventCountry "GGB"]
[SourceTitle "CBM 153"]
[Source "ChessBase"]
[SourceDate "2013.03.14"]
[SourceVersion "1"]
[SourceVersionDate "2013.03.14"]
[SourceQuality "1"]

1. e4 c5 2. Nf3 e6 3. Nc3 Nc6 4. Bc4 a6 5. a3 Nge7 6. Qe2 Qc7 7. 0-0 b5 8. Ba2 Nd4 9. Qd1 Nec6 10. Nxd4 Nxd4 11. Ne2 Bb7 12. d3 Nxe2+ 13. Qxe2 g6 14. Bg5 Qe5 15. Bc1 Bg7 16. c3 0-0 17. f4 Qc7 18. f5 exf5 19. exf5 Rae8 20. Qg4 Qc6 21. Bg5 h5 22. Qh3 Re2 23. Rf2 Rxf2 24. Kxf2 gxf5 25. Re1 Qg6 26. Be7 Re8 27. Bxc5 Rxe1 28. Kxe1 Bxg2 29. Qe3 d5 30. Kf2 h4 31. Qf4 h3 32. Bd6 Qh5 33. Bb3 Kh7 34. Bd1 Qg6 35. Qh4+ Kg8 36. Qd8+ Kh7 37. Qh4+ Qh6 38. Qxh6+ Bxh6 39. a4 Bc1 40. axb5 axb5 41. b4 f4 42. Bc5 Kg6 43. Bg4 f5 44. Be2 Bb2 45. Bd4 Kg5 46. Bd1 Bc1 47. Be2 Bd2 48. Bd1 Bc1 49. Be2 1/2-1/2

[Event "Groningen op-A 50th"]
[Site "Groningen"]
[Date "2012.12.26"]
[Round "5"]
[White "Afek, Yochanan"]
[Black "Lee, Kai Jie Edward"]
[Result "1/2-1/2"]
[WhiteElo "2311"]
[BlackElo "2165"]
[PlyCount "80"]
[EventDate "2012.12.21"]
[EventType "swiss"]
[EventRounds "9"]
[EventCountry "NED"]
[SourceTitle "CBM 152 Extra"]
[Source "ChessBase"]
[SourceDate "2013.02.25"]
[SourceVersion "1"]
[SourceVersionDate "2013.02.25"]
[SourceQuality "1"]

1. c4 e6 2. Nf3 Nf6 3. g3 d5 4. Bg2 Nbd7 5. 0-0 c6 6. d4 Be7 7. Nc3 Ne4 8. Nxe4 dxe4 9. Ne5 f5 10. Nxd7 Qxd7 11. Bf4 0-0 12. Be5 Bf6 13. Bxf6 Rxf6 14. e3 b6 15. b4 a5 16. bxa5 Rxa5 17. Qb3 b5 18. Rfc1 Ba6 19. a4 bxc4 20. Qb6 Qd5 21. Bf1 f4 22. exf4 g5 23. fxg5 Qxg5 24. Rc2 e3 25. Qd8+ Kg7 26. f4 Rxf4 27. Qxg5+ Rxg5 28. Bxc4 Rf2 29. Rac1 Bxc4 30. Rxc4 Rgf5 31. Re1 Ra2 32. Rf1 Rxf1+ 33. Kxf1 Kf6 34. Rxc6 e2+ 35. Ke1 Kf5 36. Kf2 Rxa4 37. Rc5+ Kg4 38. Re5 Rxd4 39. Rxe6 h5 40. Kxe2 h4 1/2-1/2

[Event "Groningen op-A 50th"]
[Site "Groningen"]
[Date "2012.12.23"]
[Round "3"]
[White "Eggleston, David"]
[Black "Lee, Kai Jie Edward"]
[Result "1/2-1/2"]
[WhiteElo "2352"]
[BlackElo "2165"]
[PlyCount "125"]
[EventDate "2012.12.21"]
[EventType "swiss"]
[EventRounds "9"]
[EventCountry "NED"]
[SourceTitle "CBM 152 Extra"]
[Source "ChessBase"]
[SourceDate "2013.02.25"]
[SourceVersion "1"]
[SourceVersionDate "2013.02.25"]
[SourceQuality "1"]

1. e4 c5 2. Nf3 e6 3. d4 cxd4 4. Nxd4 Nc6 5. Nc3 Qc7 6. Be3 a6 7. Bd3 b5 8. Nxc6 Qxc6 9. 0-0 Bb7 10. f3 Bc5 11. Qe1 Ne7 12. a4 b4 13. Na2 d6 14. Kh1 Qb6 15. a5 Qxa5 16. Bd2 Qb6 17. Nxb4 0-0 18. Bc3 Bd4 19. Bxd4 Qxd4 20. c3 Qb6 21. Nc2 a5 22. Qe3 Qxe3 23. Nxe3 d5 24. exd5 Nxd5 25. Nxd5 Bxd5 26. Bb5 Rfc8 27. Ra4 Bb3 28. Ra3 Bc4 29. Bxc4 Rxc4 30. Rd1 g6 31. Kg1 Kg7 32. Kf2 Kf6 33. Ke3 Rb8 34. Ra2 Rc5 35. Rd2 h5 36. Ke2 g5 37. h3 Ke5 38. Ra4 Rcb5 39. h4 gxh4 40. Rxh4 Rxb2 41. Rxh5+ f5 42. g4 Kf4 43. gxf5 exf5 44. Rxb2 Rxb2+ 45. Kd3 Ra2 46. Kc4 Rf2 47. Kb5 Rxf3 48. c4 Rc3 49. c5 a4 50. Rh4+ Ke5 51. Rxa4 Kd5 52. Rf4 Rxc5+ 53. Kb4 Kd6 54. Rd4+ Rd5 55. Kc4 Rxd4+ 56. Kxd4 Ke6 57. Ke3 Ke5 58. Kf3 f4 59. Kf2 Ke4 60. Ke2 f3+ 61. Kf2 Kf4 62. Kf1 Ke4 63. Kf2 1/2-1/2

[Event "London Classic op 4th"]
[Site "London"]
[Date "2012.12.06"]
[Round "6"]
[White "Lee, Kai Jie Edward"]
[Black "Eames, Robert"]
[Result "1/2-1/2"]
[WhiteElo "2165"]
[BlackElo "2263"]
[PlyCount "153"]
[EventDate "2012.12.01"]
[EventType "swiss"]
[EventRounds "9"]
[EventCountry "ENG"]
[SourceTitle "CBM 151 Extra"]
[Source "ChessBase"]
[SourceDate "2012.12.18"]
[SourceVersion "1"]
[SourceVersionDate "2012.12.18"]
[SourceQuality "1"]

1. e4 e5 2. Nf3 Nc6 3. Bb5 a6 4. Ba4 Nf6 5. d3 d6 6. c3 Bd7 7. 0-0 Be7 8. Re1 h6 9. Nbd2 Nh7 10. d4 b5 11. Bb3 Bg5 12. Bd5 Qf6 13. a4 bxa4 14. dxe5 dxe5 15. Nc4 Bxc1 16. Qxc1 Rd8 17. Bxc6 Bxc6 18. Ncxe5 Ng5 19. Nxg5 Qxe5 20. Nf3 Qd6 21. Nd4 Bd7 22. Qe3 0-0 23. Nc2 Rfe8 24. Rad1 Qg6 25. Nb4 Kh7 26. Qg3 Qb6 27. Nd5 Qxb2 28. Nxc7 Rf8 29. Nxa6 a3 30. Nb4 Be6 31. Qe3 Rxd1 32. Rxd1 Rc8 33. Nd5 a2 34. Qe1 Rb8 35. Nb4 Bb3 36. Ra1 Rxb4 37. cxb4 Bc2 38. h3 Bb1 39. Rxa2 Bxa2 40. f3 Qd4+ 41. Kh2 g5 42. Qe2 Bc4 43. Qc2 Kg7 44. Qc1 Qd6+ 45. Kg1 Qxb4 46. Qa1+ Kh7 47. Qf6 Qb1+ 48. Kh2 Qb8+ 49. e5 Qb1 50. h4 Qg6 51. hxg5 hxg5 52. Qe7 Qh5+ 53. Kg1 Qh4 54. Qc7 Qd4+ 55. Kh2 Be6 56. Qc2+ Kg7 57. Qe2 Qf4+ 58. Kg1 Qd4+ 59. Kh2 Bc4 60. Qe1 Kh6 61. Qa5 Bd5 62. Qc7 Be6 63. Qb8 Kg7 64. Qc7 g4 65. Kg3 Qe3 66. Qd6 Qe1+ 67. Kf4 Qc1+ 68. Kg3 Qe3 69. Qc7 gxf3 70. gxf3 Bd5 71. e6 Qxf3+ 72. Kh4 Qf2+ 73. Kg5 Qf6+ 74. Kg4 Qxe6+ 75. Kg5 Qe3+ 76. Kh4 Be6 77. Qe5+ 1/2-1/2

[Event "Hoogeveen Unive op 16th"]
[Site "Hoogeveen"]
[Date "2012.10.22"]
[Round "4"]
[White "Wiersma, Eelke"]
[Black "Lee, Kai Jie Edward"]
[Result "1-0"]
[WhiteElo "2367"]
[BlackElo "2143"]
[PlyCount "75"]
[EventDate "2012.10.19"]
[EventType "swiss"]
[EventRounds "9"]
[EventCountry "NED"]
[SourceTitle "EXT 2013"]
[Source "ChessBase"]
[SourceDate "2012.11.22"]
[SourceVersion "1"]
[SourceVersionDate "2012.11.22"]
[SourceQuality "1"]

1. d4 Nf6 2. c4 e6 3. Nc3 Bb4 4. e3 0-0 5. Nge2 d5 6. a3 Bd6 7. Ng3 c5 8. dxc5 Bxc5 9. b4 Be7 10. Bb2 dxc4 11. Bxc4 a5 12. b5 a4 13. Qc2 Qa5 14. 0-0 Nbd7 15. Nce4 b6 16. Rfd1 Ne8 17. Nh5 Qa7 18. Bxg7 Nxg7 19. Rxd7 Nxh5 20. Rxa7 Rxa7 21. Nc3 Bf6 22. Rb1 Bxc3 23. Qxc3 Rc7 24. Qd4 Rc5 25. Be2 Ng7 26. Qxa4 Rc7 27. Qd4 Bb7 28. Qxb6 Rfc8 29. h3 Nf5 30. Rb4 Kf8 31. Rc4 Rxc4 32. Bxc4 Be4 33. Bxe6 fxe6 34. Qxe6 Re8 35. Qf6+ Kg8 36. f3 Bd3 37. e4 Ng7 38. Qd4 1-0

[Event "Hoogeveen Unive op 16th"]
[Site "Hoogeveen"]
[Date "2012.10.19"]
[Round "1"]
[White "Lee, Kai Jie Edward"]
[Black "Guramishvili, Sopiko"]
[Result "1/2-1/2"]
[WhiteElo "2143"]
[BlackElo "2418"]
[PlyCount "92"]
[EventDate "2012.10.19"]
[EventType "swiss"]
[EventRounds "9"]
[EventCountry "NED"]
[SourceTitle "EXT 2013"]
[Source "ChessBase"]
[SourceDate "2012.11.22"]
[SourceVersion "1"]
[SourceVersionDate "2012.11.22"]
[SourceQuality "1"]

1. e4 c5 2. Nf3 d6 3. d4 Nf6 4. Nc3 cxd4 5. Nxd4 a6 6. Bc4 e6 7. Bb3 b5 8. 0-0 Qc7 9. Qf3 Be7 10. Qg3 0-0 11. Bh6 Ne8 12. Rad1 b4 13. Nce2 Kh8 14. Bg5 Bxg5 15. Qxg5 Bb7 16. Nf4 Nf6 17. f3 Nc6 18. Ndxe6 fxe6 19. Nxe6 Qe7 20. Nxf8 Rxf8 21. Qd2 Rd8 22. Bd5 a5 23. Rfe1 Qe5 24. c3 bxc3 25. bxc3 Qe7 26. Bxc6 Bxc6 27. e5 Nd5 28. c4 Nb6 29. exd6 Qa7 30. Qd4 Nc8 31. Qxa7 Nxa7 32. Re5 a4 33. Re7 Bd7 34. Rde1 Kg8 35. c5 Nc6 36. R7e4 Ra8 37. g4 Ra5 38. Rc4 Kf7 39. a3 g5 40. f4 Be6 41. Rc3 gxf4 42. Re4 Kf6 43. h4 Bxg4 44. Rxf4+ Bf5 45. Kf2 h5 46. Ke3 Ke5 1/2-1/2

[Event "Kuala Lumpur DYTM op"]
[Site "Kuala Lumpur"]
[Date "2012.09.20"]
[Round "6"]
[White "Lee, Kai Jie Edward"]
[Black "Ram, Aravind LN"]
[Result "0-1"]
[WhiteElo "2144"]
[BlackElo "1919"]
[PlyCount "64"]
[EventDate "2012.09.18"]
[EventType "swiss"]
[EventRounds "9"]
[EventCountry "MAS"]
[SourceTitle "CBM 150 Extra"]
[Source "ChessBase"]
[SourceDate "2012.10.19"]
[SourceVersion "1"]
[SourceVersionDate "2012.10.19"]
[SourceQuality "1"]

1. e4 c5 2. Nf3 e6 3. d4 cxd4 4. Nxd4 a6 5. Nc3 Qc7 6. Bd3 Bc5 7. Nb3 Be7 8. 0-0 d6 9. Be3 Nf6 10. f4 0-0 11. Qf3 Nbd7 12. g4 g6 13. Ne2 b6 14. Qh3 Bb7 15. Ng3 d5 16. e5 Ne4 17. Rac1 Ndc5 18. Nxe4 Nxe4 19. Bxe4 dxe4 20. Qg3 Kh8 21. Qf2 b5 22. Nd4 Rad8 23. Ne2 Bb4 24. Ng3 Rc8 25. a3 Bc5 26. Rfe1 Bxe3 27. Rxe3 Qc5 28. Nf1 a5 29. Rh3 f6 30. Rc3 e3 31. Rxe3 fxe5 32. Rxe5 Rxf4 0-1

[Event "London e2e4 Diamond Jubilee op"]
[Site "London"]
[Date "2012.06.05"]
[Round "7"]
[White "Lee, Kai Jie Edward"]
[Black "Armstrong, Malcolm J"]
[Result "1/2-1/2"]
[WhiteElo "2102"]
[BlackElo "2040"]
[PlyCount "106"]
[EventDate "2012.06.02"]
[EventType "swiss"]
[EventRounds "9"]
[EventCountry "ENG"]
[SourceTitle "CBM 148 Extra"]
[Source "ChessBase"]
[SourceDate "2012.06.22"]
[SourceVersion "1"]
[SourceVersionDate "2012.06.22"]
[SourceQuality "1"]

1. e4 c6 2. d4 d5 3. Nc3 dxe4 4. Nxe4 Bf5 5. Ng3 Bg6 6. h4 h6 7. Nf3 Nd7 8. h5 Bh7 9. Bd3 Bxd3 10. Qxd3 Qc7 11. Bd2 Ngf6 12. 0-0-0 e6 13. Ne4 0-0-0 14. g3 Nxe4 15. Qxe4 Bd6 16. c4 Nf6 17. Qc2 c5 18. d5 exd5 19. cxd5 Qd7 20. Bc3 Rde8 21. Bxf6 gxf6 22. Nh4 Kb8 23. Nf5 Re5 24. Ne3 b5 25. Rh4 Rhe8 26. Kb1 c4 27. Qh7 Bc5 28. Qxh6 Bxe3 29. fxe3 Qf5+ 30. Kc1 Rxe3 31. Qf4+ Qxf4 32. gxf4 Kc7 33. h6 Rh8 34. h7 Rg3 35. Rh6 Rg6 36. Rdh1 Kd6 37. R6h5 Rg7 38. Kc2 f5 39. R1h4 Rg2+ 40. Kc3 Kc5 41. b4+ cxb3 42. axb3 Rg3+ 43. Kd2 Rg7 44. Ke3 a5 45. Rh1 Rg3+ 46. Kf2 Rg7 47. Kf3 a4 48. d6 Kxd6 49. bxa4 bxa4 50. Rh6+ Rg6 51. R6h5 Rg7 52. Rh6+ Rg6 53. R6h5 Rg7 1/2-1/2

[Event "London e2e4 Diamond Jubilee op"]
[Site "London"]
[Date "2012.06.04"]
[Round "4"]
[White "Walton, Alan J"]
[Black "Lee, Kai Jie Edward"]
[Result "1-0"]
[WhiteElo "2179"]
[BlackElo "2102"]
[PlyCount "99"]
[EventDate "2012.06.02"]
[EventType "swiss"]
[EventRounds "9"]
[EventCountry "ENG"]
[SourceTitle "CBM 148 Extra"]
[Source "ChessBase"]
[SourceDate "2012.06.22"]
[SourceVersion "1"]
[SourceVersionDate "2012.06.22"]
[SourceQuality "1"]

1. d4 d5 2. c4 c6 3. Nf3 Nf6 4. Nc3 e6 5. Bg5 Nbd7 6. e3 Qa5 7. cxd5 Nxd5 8. Rc1 Nxc3 9. bxc3 Qxa2 10. Bd3 Bd6 11. 0-0 Qa5 12. Qc2 h6 13. Bh4 0-0 14. e4 e5 15. Bg3 Qc7 16. Nh4 Nb6 17. dxe5 Bxe5 18. f4 Bd6 19. c4 Rd8 20. Kh1 c5 21. e5 Be7 22. Nf3 Bg4 23. f5 Bxf3 24. Rxf3 Bg5 25. Rcf1 Rd4 26. e6 Qe7 27. Be5 Rxd3 28. Rxd3 fxe6 29. Bd6 Qf7 30. Bxc5 Nd7 31. Bg1 exf5 32. Rd5 g6 33. Qd3 Nf8 34. Bc5 Ne6 35. Be3 Re8 36. Rd7 Re7 37. Rxe7 Qxe7 38. Bxa7 b5 39. Bb8 bxc4 40. Qxc4 Kf7 41. Re1 h5 42. Qd5 Qe8 43. Bd6 Qc8 44. Ra1 Kg7 45. h3 Kh6 46. Re1 Ng7 47. Be5 Ne6 48. Ra1 Nd8 49. Qg8 Be7 50. Qg7+ 1-0

[Event "High Wycombe e2e4 op 03"]
[Site "High Wycombe"]
[Date "2012.03.18"]
[Round "5"]
[White "Lee, Kai Jie Edward"]
[Black "Hebden, Mark"]
[Result "0-1"]
[WhiteElo "2093"]
[BlackElo "2514"]
[PlyCount "150"]
[EventDate "2012.03.16"]
[EventType "swiss"]
[EventRounds "5"]
[EventCountry "ENG"]
[SourceTitle "CBM 147 Extra"]
[Source "ChessBase"]
[SourceDate "2012.04.24"]
[SourceVersion "1"]
[SourceVersionDate "2012.04.24"]
[SourceQuality "1"]

1. e4 e5 2. Nf3 Nc6 3. Bb5 a6 4. Ba4 Nf6 5. 0-0 Be7 6. Re1 b5 7. Bb3 0-0 8. c3 d5 9. exd5 Nxd5 10. d4 exd4 11. Nxd4 Nxd4 12. Qxd4 Bb7 13. Bxd5 Bxd5 14. Bf4 c5 15. Qe3 Re8 16. Nd2 Qd7 17. Qg3 Bf6 18. a3 Qf5 19. Nf1 Qg6 20. Bd6 Qh5 21. Bxc5 Bxg2 22. Qxg2 Qxc5 23. Ng3 g6 24. Ne4 Qb6 25. Re3 Rad8 26. Rae1 Re6 27. Qf3 Kg7 28. Rd3 Rde8 29. Ree3 Be7 30. Qe2 Qc6 31. Ng3 Bc5 32. Rxe6 Rxe6 33. Qf3 Qxf3 34. Rxf3 Re1+ 35. Kg2 h5 36. Rd3 h4 37. b4 Bf8 38. Nf1 Ra1 39. c4 bxc4 40. Rc3 Be7 41. Ne3 Bf6 42. Rxc4 Rxa3 43. h3 Rc3 44. Rg4 Rb3 45. Rc4 Rc3 46. Rg4 Rd3 47. Kf3 Rb3 48. Kg2 Kf8 49. Rc4 Rc3 50. Rg4 Bd8 51. Nd5 Rd3 52. Ne3 Rd6 53. Nc4 Re6 54. Ne3 f5 55. Rc4 Kf7 56. Rd4 Bb6 57. Rxh4 Bxe3 58. fxe3 Rxe3 59. Rh7+ Kf6 60. Ra7 Re6 61. Kf3 Rb6 62. Ra8 Ke5 63. Re8+ Kd4 64. Kf4 Rxb4 65. Kg5 Rb6 66. h4 Kc4 67. Rc8+ Kb4 68. Rc1 a5 69. Rb1+ Kc5 70. Rxb6 Kxb6 71. Kxg6 a4 72. Kxf5 a3 73. h5 a2 74. Kg6 a1Q 75. Kh7 Qf6 0-1

[Event "Reykjavik op"]
[Site "Reykjavik"]
[Date "2012.03.09"]
[Round "4"]
[White "Shulman, Yuri"]
[Black "Lee, Kai Jie Edward"]
[Result "1-0"]
[WhiteElo "2594"]
[BlackElo "2093"]
[PlyCount "117"]
[EventDate "2012.03.06"]
[EventType "swiss"]
[EventRounds "9"]
[EventCountry "ISL"]
[SourceTitle "CBM 147 Extra"]
[Source "ChessBase"]
[SourceDate "2012.04.24"]
[SourceVersion "1"]
[SourceVersionDate "2012.04.24"]
[SourceQuality "1"]

1. c4 c6 2. Nf3 Nf6 3. Nc3 d5 4. e3 e6 5. b3 Nbd7 6. Qc2 Bd6 7. Bb2 b6 8. cxd5 exd5 9. Nxd5 cxd5 10. Qc6 Qc7 11. Qxa8 0-0 12. Rc1 Bc5 13. b4 Bb7 14. Qxa7 Ra8 15. Qxa8+ Bxa8 16. Be2 Ne4 17. 0-0 Qd8 18. bxc5 bxc5 19. d3 Ng5 20. Nxg5 Qxg5 21. Bf3 Bb7 22. Rfd1 h5 23. h3 Ba6 24. h4 Qxh4 25. Bxd5 Qg5 26. Bc6 Nf8 27. d4 cxd4 28. Rxd4 Ne6 29. Rd6 Qa5 30. Bd5 Qb5 31. Rxa6 Qxb2 32. Rac6 Ng5 33. R6c2 Qb6 34. Rc5 h4 35. f4 Ne6 36. Bxe6 Qxe6 37. Re5 Qxa2 38. Rc7 Kh7 39. Rh5+ Kg6 40. Rxh4 Qe6 41. Rc3 Qa6 42. Rc1 f5 43. Rh3 Kf6 44. Rg3 Qd3 45. Rf1 Qd5 46. Rff3 Qd1+ 47. Kh2 g6 48. Rg5 Kf7 49. Rh3 Qe2 50. Rgg3 Kg7 51. Rh4 Qe1 52. Rgh3 Qe2 53. Rh7+ Kf6 54. Rc7 Qg4 55. Rc6+ Kg7 56. Rxg6+ Kxg6 57. Rg3 Kh5 58. Rxg4 Kxg4 59. Kg1 1-0

[Event "London Classic op"]
[Site "London"]
[Date "2011.12.10"]
[Round "8"]
[White "Quinn, John M"]
[Black "Lee, Kai Jie Edward"]
[Result "1/2-1/2"]
[WhiteElo "2151"]
[BlackElo "2003"]
[PlyCount "79"]
[EventDate "2011.12.03"]
[EventType "swiss"]
[EventRounds "9"]
[EventCountry "ENG"]
[SourceTitle "CBM 145 Extra"]
[Source "ChessBase"]
[SourceDate "2012.01.03"]
[SourceVersion "1"]
[SourceVersionDate "2012.01.03"]
[SourceQuality "1"]

1. d4 d5 2. c4 c6 3. Nf3 Nf6 4. e3 Bg4 5. Qb3 Qb6 6. Nc3 e6 7. Nh4 Bh5 8. h3 Nbd7 9. g4 Bg6 10. Nxg6 hxg6 11. Bg2 Be7 12. Bd2 Rc8 13. g5 Nh5 14. h4 0-0 15. Qxb6 Nxb6 16. c5 Nd7 17. Bh3 Rcd8 18. b4 e5 19. Bxd7 exd4 20. Bh3 dxc3 21. Bxc3 f5 22. 0-0 f4 23. Kh2 a5 24. a3 Ra8 25. Bd4 Bd8 26. Be5 fxe3 27. fxe3 Re8 28. Bd6 Be7 29. b5 d4 30. bxc6 bxc6 31. e4 Bxd6+ 32. cxd6 Rad8 33. d7 Rxe4 34. Rae1 Rxe1 35. Rxe1 Kf7 36. Be6+ Ke7 37. Bg4+ Kd6 38. Re8 Kc7 39. Re5 Nf4 40. Re4 1/2-1/2

[Event "London Classic op"]
[Site "London"]
[Date "2011.12.08"]
[Round "6"]
[White "Croad, Nicholas"]
[Black "Lee, Kai Jie Edward"]
[Result "1-0"]
[WhiteElo "2292"]
[BlackElo "2003"]
[PlyCount "127"]
[EventDate "2011.12.03"]
[EventType "swiss"]
[EventRounds "9"]
[EventCountry "ENG"]
[SourceTitle "CBM 145 Extra"]
[Source "ChessBase"]
[SourceDate "2012.01.03"]
[SourceVersion "1"]
[SourceVersionDate "2012.01.03"]
[SourceQuality "1"]

1. d4 d5 2. c4 c6 3. Nf3 Nf6 4. e3 Bg4 5. h3 Bxf3 6. Qxf3 e6 7. Nc3 Nbd7 8. cxd5 exd5 9. Bd3 Bd6 10. g4 0-0 11. g5 Ne4 12. Nxe4 dxe4 13. Qxe4 Bb4+ 14. Kf1 g6 15. a3 Re8 16. Qf4 Be7 17. h4 Nc5 18. Bc4 Ne6 19. Qf3 Rf8 20. Bd2 a5 21. Bc3 Ng7 22. Rd1 b5 23. Be2 b4 24. axb4 axb4 25. Be1 Rc8 26. b3 Kh8 27. Qh3 Qd5 28. Bc4 Qf5 29. Qxf5 Nxf5 30. Bd3 Ng7 31. Ra1 Ra8 32. Rxa8 Rxa8 33. Ke2 c5 34. d5 Bd6 35. f4 Ra2+ 36. Kf3 Rb2 37. Bc4 Nf5 38. Bf2 Rc2 39. Rd1 Rc3 40. Rd3 Kg8 41. Rxc3 bxc3 42. Ke2 Bc7 43. Kd1 Nd6 44. Bd3 Ne8 45. Kc2 f5 46. Be1 Ba5 47. Bxc3 Bxc3 48. Kxc3 Nd6 49. Kb2 Kf7 50. Ka3 Ke7 51. Ka4 Nc8 52. e4 fxe4 53. Bxe4 Nd6 54. Bd3 Kd7 55. Ka5 Kc7 56. Ka6 Nf7 57. f5 Ne5 58. fxg6 hxg6 59. Be4 Kd6 60. Kb5 Ng4 61. Bxg6 Kxd5 62. h5 Ne5 63. Be8 Ke6 64. h6 1-0

[Event "London Classic op"]
[Site "London"]
[Date "2011.12.06"]
[Round "4"]
[White "Coleman, David"]
[Black "Lee, Kai Jie Edward"]
[Result "0-1"]
[WhiteElo "2244"]
[BlackElo "2003"]
[PlyCount "66"]
[EventDate "2011.12.03"]
[EventType "swiss"]
[EventRounds "9"]
[EventCountry "ENG"]
[SourceTitle "CBM 145 Extra"]
[Source "ChessBase"]
[SourceDate "2012.01.03"]
[SourceVersion "1"]
[SourceVersionDate "2012.01.03"]
[SourceQuality "1"]

1. e4 e5 2. d4 exd4 3. Qxd4 Nc6 4. Qe3 Nf6 5. Nc3 Bb4 6. Bd2 0-0 7. 0-0-0 Re8 8. Bc4 Ne5 9. Be2 d6 10. Nh3 Ng6 11. Ng5 h6 12. h4 hxg5 13. hxg5 Bxc3 14. bxc3 Nxe4 15. Bh5 d5 16. Rh2 Nxd2 17. Qxd2 Qd6 18. Rdh1 Qf4 19. Qxf4 Nxf4 20. Bf3 Ng6 21. Bxd5 c6 22. Bc4 Bf5 23. f3 b5 24. Bf1 Re1+ 25. Kb2 Rae8 26. g4 Bd7 27. Rf2 R1e5 28. f4 Rd5 29. Bd3 Bxg4 30. f5 Ne5 31. Kc1 Rxd3 32. Rfh2 Rd1+ 33. Rxd1 Bxd1 0-1